000 00468nam a22001457a 4500
005 20231212111930.0
008 231212b ||||| |||| 00| 0 eng d
040 _cAIMIT LIBRARY
100 _aDSouza, Amish Dickson
_e2017006
_9145112
245 _aIntertek /
_cBy Amish Dickson DSouza
700 _aB, Santhosh
_eMentor
_9145113
700 _aV, Veekshith
_eGuide
_9145114
856 _3Novigo Solutions, Mangalore
_uhttps://www.novigosolutions.com/
942 _2ddc
_cPRO
999 _c229465
_d229465